Latin Phrases 3 - Statistics

General Stats
  • This quiz has been taken 1,329 times
    1,328 since last reset
  • The average score is 5 of 24
Answer Stats
Hint Answer % Correct
Year of the Lord Anno Domini
87%
Stiffness of death Rigor mortis
70%
Unwelcome person Persona non grata
42%
Time flies Tempus fugit
37%
The dice are cast Alea jacta est
28%
Remember your mortality Memento Mori
28%
Masterpiece Magnum opus
24%
Behold the man Ecce homo
22%
Day of wrath Dies irae
20%
In good faith Bona fide
19%
First night Prima nocte
19%
Dark chamber Camera obscura
18%
The state of affairs Status quo
18%
Example (abbr: eg.) Exempli gratia
17%
Which does not follow Non sequitur
17%
The law is hard, but it is the law Dura lex, sed lex
13%
Perpetual motion Perpetuum mobile
13%
Thus passes the glory of the world Sic transit gloria mundi
12%
Woe to the conquered Vae victis
10%
Art is the reward of art Ars gratia artis
7%
New order of the ages Novus ordo seclorum
4%
He aproves our undertakings Annuit coeptis
2%
Fortune favours the brave Audaces fortuna iuvat
2%
In the farthest reaches In extremis
2%
No matching quizzes found
Score Distribution
Percent of People with Each Score
Percentile by Number Answered
Your Score History
You have not taken this quiz since the last reset